00855nam a2200205 a 450000100100000000500170001000800410002704000250006808200160009324500570010926000980016630000310026449000260029570000350032183000330035604900090038995201140039895201200051299900170063200002911820200930055337.0110413s1998 dr d 000 0 spa d aDO-SdBNPbspacBNPHU axxxxbM966d04aLos municipios por dentro /cprólogo Onofre Rojas. aSanto Domingo :bComisión Presidencial para la Reforma y Modernización del Estado,c1998. a60 p. :bgráf. ;c22 cm.1 aVida municipalvno. 112aRojas, Onofre,epról.931119 0aVida municipalvno. 1956025 aBNPD 0010718PDaPDbPDcCTd2011-04-13iLF1l0oxxxx M966dp29118-10r2020-06-25w2020-06-25yLFPDZNo se presta 0011718PDaPDbPDcMId2011-04-27iLF1l0oxxxx M966dp29118-20r2020-06-25te. 2w2020-06-25yLFPDZNo se presta c28610d28610